|
|
|
|
| LEADER |
00000nam0a2200000 4500 |
| 001 |
288898 |
| 005 |
20231102000133.0 |
| 020 |
|
|
|a RU
|b 85-82576
|
| 035 |
|
|
|a (RuTPU)RU\TPU\book\313403
|
| 090 |
|
|
|a 288898
|
| 100 |
|
|
|a 20150330d1985 km y0rusy5003 ca
|
| 101 |
0 |
|
|a rus
|
| 102 |
|
|
|a RU
|
| 105 |
|
|
|a y z 001zy
|
| 200 |
1 |
|
|a Социально-гигиенические и эпидемиологические исследования в гигиене труда
|f Н. Ф. Измеров, Е. Б. Гурвич, Н. В. Лебедева
|
| 210 |
|
|
|a Москва
|c Медицина
|d 1985
|
| 215 |
|
|
|a 191 с.
|
| 320 |
|
|
|a Библиогр.: с. 182-188
|
| 606 |
1 |
|
|a Гигиена труда
|x Медицина
|2 stltpush
|3 (RuTPU)RU\TPU\subj\64806
|9 81550
|
| 606 |
1 |
|
|a Гигиена труда
|x Медицина
|2 stltpush
|3 (RuTPU)RU\TPU\subj\64806
|9 81550
|
| 610 |
1 |
|
|a социально-гигиенические исследования
|
| 610 |
1 |
|
|a эпидемиологические исследования
|
| 610 |
1 |
|
|a основные показатели
|
| 610 |
1 |
|
|a аналитические исследования
|
| 610 |
1 |
|
|a схемы
|
| 610 |
1 |
|
|a обработка результатов
|
| 610 |
1 |
|
|a здоровье
|
| 610 |
1 |
|
|a влияние
|
| 610 |
1 |
|
|a производственные факторы
|
| 675 |
|
|
|a 613.6
|z rus
|v 4
|
| 700 |
|
1 |
|a Измеров
|b Н. Ф.
|g Николай Федотович
|4 070
|
| 701 |
|
1 |
|a Гурвич
|b Е. Б.
|g Елена Борисовна
|
| 701 |
|
1 |
|a Лебедева
|b Н. В.
|g Наталья Валентиновна
|
| 801 |
|
0 |
|a RU
|b RuMRKP
|c 19950704
|g psbo
|
| 801 |
|
1 |
|a RU
|b 63413507
|c 20150330
|
| 801 |
|
2 |
|a RU
|b 63413507
|c 20171123
|g RCR
|
| 942 |
|
|
|c BK
|